| Tag |
First Indicator |
Second Indicator |
Subfields |
| LEADER |
00000cam a2200000 i 4500 |
| 001 |
in00004335813 |
| 005 |
20211120105524.0 |
| 006 |
m o d f |
| 007 |
cr bn||||||||| |
| 008 |
101117s1995 njuab ob f000 0 eng c |
| 019 |
|
|
|a 631203537
|a 667863689
|a 1153330574
|
| 035 |
|
|
|a (OCoLC)ocn682152183
|
| 042 |
|
|
|a pcc
|
| 043 |
|
|
|a n-us-nj
|
| 040 |
|
|
|a OCLCE
|b eng
|e rda
|e pn
|c OCLCE
|d OCLCQ
|d OCLCO
|d OCLCF
|d OCLCQ
|d OCLCA
|d GPO
|d MvI
|
| 049 |
|
|
|a WWW
|
| 074 |
|
|
|a 0624-B-05 (online)
|
| 086 |
0 |
|
|a I 19.42/4:95-4060
|
| 100 |
1 |
|
|a Rosman, Robert,
|e author.
|
| 245 |
1 |
0 |
|a Water levels in major artesian aquifers of the New Jersey Coastal Plain, 1988 /
|c by Robert Rosman, Pierre J. Lacombe, and Donald A. Storck.
|
| 264 |
|
1 |
|a West Trenton, New Jersey :
|b U.S. Geological Survey,
|c 1995.
|
| 300 |
|
|
|a 1 online resource (vi, 74 pages) :
|b illustrations, maps.
|
| 336 |
|
|
|a text
|b txt
|2 rdacontent
|
| 337 |
|
|
|a computer
|b c
|2 rdamedia
|
| 338 |
|
|
|a online resource
|b cr
|2 rdacarrier
|
| 490 |
1 |
|
|a Water-resources investigations report ;
|v 95-4060
|
| 500 |
|
|
|a "Prepared in cooperation with the New Jersey Department of Environmental Protection."
|
| 504 |
|
|
|a Includes bibliographical references (pages 71-73).
|
| 588 |
|
|
|a Description based on online resource; title from PDF title page (USGS, viewed Dec. 15, 2015).
|
| 650 |
|
0 |
|a Aquifers
|z New Jersey.
|
| 650 |
|
0 |
|a Groundwater
|z New Jersey.
|
| 650 |
|
0 |
|a Water table
|z New Jersey.
|
| 650 |
|
7 |
|a Aquifers.
|2 fast
|0 (OCoLC)fst00812170
|
| 650 |
|
7 |
|a Groundwater.
|2 fast
|0 (OCoLC)fst00948209
|
| 650 |
|
7 |
|a Water table.
|2 fast
|0 (OCoLC)fst01172103
|
| 651 |
|
7 |
|a New Jersey.
|2 fast
|0 (OCoLC)fst01208379
|
| 700 |
1 |
|
|a Lacombe, Pierre
|q (Pierre J.),
|e author.
|
| 700 |
1 |
|
|a Storck, Donald A.,
|e author.
|
| 710 |
2 |
|
|a Geological Survey (U.S.),
|e issuing body.
|
| 710 |
1 |
|
|a New Jersey.
|b Department of Environmental Protection.
|
| 776 |
0 |
8 |
|i Print version:
|a Rosman, Robert.
|t Water levels in major artesian aquifers of the New Jersey Coastal Plain, 1988
|w (DLC) 96158014
|w (OCoLC)35146083
|
| 830 |
|
0 |
|a Water-resources investigations report ;
|v 95-4060.
|
| 856 |
4 |
0 |
|u https://purl.fdlp.gov/GPO/gpo139315
|t 0
|
| 999 |
f |
f |
|s 272a3d22-1694-3aa8-a9c3-c5e3d551b4ca
|i 00ca96d4-340a-3e6c-b739-ce27c01069a6
|t 0
|
| 952 |
f |
f |
|a Texas A&M University
|b College Station
|c Electronic Resources
|d Available Online
|t 0
|e I 19.42/4:95-4060
|h Superintendent of Documents classification
|
| 998 |
f |
f |
|a I 19.42/4:95-4060
|t 0
|l Available Online
|